000 01895nam a22001817a 4500
003 IT-RoPau
005 20220918181105.0
008 130508b xxu||||| |||| 00| 0 eng d
040 _cIT-RoPau
100 _aCentro di Spiritualita Paolina
_9518
245 _aSupplemento a "Camminiamo anche noi in novità di vita"
250 _a1° ed
260 _aAriccia (Roma)
_bCentro di Spiritualità Paolina - Casa Divino Maestro
_c1979
300 _a24 pp.
_c33 cm
490 _a"Camminiamo anche noi in novità di vita"
_vn° 5 - aprile 1979
520 _aSommario I. (6 maggio, domenica) "Quel che é generato in lei, viene dallo Spirito Santo" (Mat 1,20) II. (7 maggio, lunedì) "Beata colei che ha creduto all'adempimento della parola del Signore" (Luc 1,45) III. (8 maggio, martedì) "Trovarono il Bambino con Maria sua Madre" (Mat 2,11) "Fate quello che vi dirà"' (Giov 2,5) IV. (9 maggio, mercoledì) "Ecco la serva del Signore: Si faccia di me secondo la tua parola" (Luc 1,38) V. (10 maggio, giovedì) "Dio mando il suo Figlio, nato da donna" ( Gal 4,4) VI. (11 maggio, venerdì) "A che debbo che la Madre del Signore venga a me?" (Luc 1,43) VII. (12 maggio, sabato) "Ave Maria, piena di grazia" (Luc 1,28) "Ripieni di tutta la pienezza di Dio" (Ef 3,19) VIII. (13 maggio, domenica) "Lo Spirito mi renderà testimonianza, e anche voi mi renderete testimonianza, perché siete con me fin dal principio" (Giov 15, 26-27) IX. (14 maggio, lunedì) "Mi ricordo del sogno che avevo visto... la piccola sorgente che divenne un fiume, la luce che spuntò, il sole e l'acqua copiosa". (Ester 10, 3 b-c) In cammino verso la Pentecoste A) Il saluto - l'ascolto - la risposta B) Con Maria, nel mistero della Chiesa C) Maria nella storia: Una madre per l"Uomo" D) Maria, Regina degli Apostoli E) Con Maria, in fervida attesa dello Spirito 3 giugno, Pentecoste "Totus tuus eso sum"
942 _2ddc
_cCR
999 _c98500
_d98500